[Event "SB-2013-0-00340"]
[Site "LSS email"]
[Date "2013.11.28"]
[Round "?"]
[White "Lannoy, Jean Claude Albert"]
[Black "Cuttica, Gerardo Axel"]
[Result "1-0"]
[WhiteElo "1826"]
[BlackElo "1935"]
[PlyCount "23"]
[EventDate "2013.11.05"]
[EventType "tourn (corr)"]
[EventRounds "6"]
[EventCountry "GER"]
[SourceTitle "Corr 2015"]
[Source "ChessBase"]
[SourceDate "2015.07.17"]
[SourceVersion "1"]
[SourceVersionDate "2015.07.17"]
[SourceQuality "1"]

1. e4 e6 2. d3 d5 3. Nd2 Nf6 4. Ngf3 Nc6 5. c3 a5 6. e5 Nd7 7. d4 Be7 8. Bd3 0-0 9. Nf1 f6 10. exf6 Nxf6 11. Ng3 Qe8 12. 0-0 1-0

[Event "SB-2013-0-00340"]
[Site "LSS email"]
[Date "2013.11.28"]
[Round "?"]
[White "Vodicka, Milan"]
[Black "Cuttica, Gerardo Axel"]
[Result "1-0"]
[WhiteElo "1933"]
[BlackElo "1935"]
[PlyCount "55"]
[EventDate "2013.11.05"]
[EventType "tourn (corr)"]
[EventRounds "6"]
[EventCountry "GER"]
[SourceTitle "Corr 2015"]
[Source "ChessBase"]
[SourceDate "2015.07.17"]
[SourceVersion "1"]
[SourceVersionDate "2015.07.17"]
[SourceQuality "1"]

1. d4 d5 2. c4 c6 3. Nf3 Nf6 4. Nc3 e6 5. e3 a6 6. c5 Nbd7 7. b4 g6 8. h3 Bg7 9. Bb2 Qc7 10. Qb3 0-0 11. Na4 Ne4 12. Bd3 f5 13. h4 Ndf6 14. Nb6 Rb8 15. Ne5 Nxf2 16. Kxf2 Ng4+ 17. Kg1 Nxe5 18. dxe5 Bxe5 19. Re1 Qg7 20. Bxe5 Qxe5 21. h5 g5 22. h6 f4 23. Qc2 f3 24. Bxh7+ Kh8 25. Kf2 Qf6 26. g4 e5 27. Nxc8 Rbxc8 28. Bf5 1-0

[Event "CFriend AP-2004-Q-00023 email"]
[Site "Chessfriend.com"]
[Date "2004.12.22"]
[Round "1"]
[White "Cuttica, Gerardo Axel"]
[Black "Mincheva, Milena"]
[Result "0-1"]
[WhiteElo "1605"]
[BlackElo "2270"]
[PlyCount "46"]
[EventDate "2004.??.??"]
[EventType "tourn (corr)"]
[EventRounds "12"]
[SourceTitle "Corr 2024"]
[Source "ChessBase"]
[SourceDate "2023.10.19"]
[SourceVersion "1"]
[SourceVersionDate "2023.10.19"]
[SourceQuality "1"]

1. e4 c5 2. Nc3 Nc6 3. f4 g6 4. Nf3 Bg7 5. Bc4 e6 6. d3 Nge7 7. 0-0 d5 8. Bb3 0-0 9. Qe1 Na5 10. Bd2 b6 11. e5 Bd7 12. g4 Nec6 13. Qg3 f6 14. f5 Nxb3 15. axb3 exf5 16. Nxd5 Nxe5 17. g5 Nxf3+ 18. Rxf3 Bc6 19. gxf6 Qxd5 20. fxg7 Rfe8 21. Raf1 Re2 22. Bh6 Rae8 23. c3 Rxb2 0-1

[Event "CFriend AP-2004-Q-00023 email"]
[Site "Chessfriend.com"]
[Date "2004.12.22"]
[Round "1"]
[White "Cuttica, Gerardo Axel"]
[Black "Straka, ZdenK"]
[Result "0-1"]
[WhiteElo "1605"]
[BlackElo "2481"]
[PlyCount "78"]
[EventDate "2004.??.??"]
[EventType "tourn (corr)"]
[EventRounds "12"]
[SourceTitle "Corr 2024"]
[Source "ChessBase"]
[SourceDate "2023.10.19"]
[SourceVersion "1"]
[SourceVersionDate "2023.10.19"]
[SourceQuality "1"]

1. e4 c5 2. Nc3 Nc6 3. f4 g6 4. Nf3 Bg7 5. Bc4 e6 6. d3 Nge7 7. 0-0 d5 8. Bb3 0-0 9. Qe1 Na5 10. Bd2 b6 11. e5 a6 12. Na4 Nec6 13. c3 Nxb3 14. axb3 a5 15. Qg3 Ba6 16. Qh3 Re8 17. c4 Nb4 18. f5 exf5 19. Bg5 f6 20. exf6 Bxf6 21. Qh4 Bxg5 22. Nxg5 Ra7 23. Rae1 Rxe1 24. Rxe1 Nxd3 25. Re6 dxc4 26. bxc4 Qd4+ 27. Qxd4 cxd4 28. b3 b5 29. cxb5 Bxb5 30. Rd6 Rd7 31. Rxd7 Bxd7 32. Nf3 Kf7 33. Nxd4 Be6 34. Kf1 Nc1 35. Nc5 Bd5 36. Kf2 Ke7 37. Ke3 Kd6 38. Nd3 Nxd3 39. Kxd3 Bxg2 0-1

[Event "IECC CL4-2003.28 email"]
[Site "IECC email"]
[Date "2003.12.28"]
[Round "?"]
[White "Magalhaes, Joao Flavio"]
[Black "Cuttica, Gerardo Axel"]
[Result "0-1"]
[WhiteElo "1537"]
[BlackElo "1660"]
[PlyCount "70"]
[EventDate "2003.??.??"]
[EventType "tourn (corr)"]
[EventRounds "4"]
[SourceTitle "Corr 2008"]
[Source "ChessBase"]
[SourceDate "2008.06.24"]
[SourceVersion "1"]
[SourceVersionDate "2008.06.24"]
[SourceQuality "1"]

1. Nf3 Nf6 2. c4 c6 3. Nc3 d5 4. cxd5 cxd5 5. e3 a6 6. Qa4+ Nc6 7. Bb5 Bd7 8. Bxc6 Bxc6 9. Qh4 e6 10. 0-0 Ne4 11. Qh5 Qf6 12. Nxe4 dxe4 13. Nd4 Bd5 14. f3 Qg6 15. Qxg6 hxg6 16. fxe4 Bxe4 17. Rf4 Bd5 18. Nf3 Bd6 19. Rg4 Bxf3 20. gxf3 Bxh2+ 21. Kf1 Bd6 22. d4 Rc8 23. Rg1 Rc2 24. Ke1 Rhh2 25. Kd1 e5 26. a3 exd4 27. exd4 Rcf2 28. Be3 Rxb2 29. Re1 Kd7 30. f4 Ra2 31. Rb1 b5 32. Bc1 Bxa3 33. Be3 Bd6 34. Rf1 b4 35. Bc1 a5 0-1

[Event "CFriend SL-2003-0-00013 email"]
[Site "Chessfriend.com"]
[Date "2003.10.27"]
[Round "?"]
[White "Castellano, Antonio Jr"]
[Black "Cuttica, Gerardo Axel"]
[Result "0-1"]
[WhiteElo "1068"]
[BlackElo "1449"]
[PlyCount "74"]
[EventDate "2003.10.27"]
[EventType "tourn (corr)"]
[EventRounds "12"]
[SourceTitle "Corr 2008"]
[Source "ChessBase"]
[SourceDate "2008.06.24"]
[SourceVersion "1"]
[SourceVersionDate "2008.06.24"]
[SourceQuality "1"]

1. e4 c5 2. Nf3 d6 3. d4 cxd4 4. Nxd4 Nf6 5. Nc3 a6 6. Bg5 e6 7. f4 Be7 8. Qd3 h6 9. Bh4 g5 10. fxg5 Nh5 11. 0-0-0 hxg5 12. Bf2 Qc7 13. h4 Nf6 14. Be2 g4 15. h5 Nbd7 16. h6 Ne5 17. Qe3 b5 18. Bh4 b4 19. Nb1 Bb7 20. Rdf1 Nxe4 21. Bxe7 Kxe7 22. h7 Bd5 23. Rh4 f5 24. Nd2 Nf6 25. Qg5 Raf8 26. Qg7+ Kd8 27. Qxc7+ Kxc7 28. Bxa6 Ra8 29. Be2 Bxg2 30. Rf2 Bd5 31. Rh6 Rxa2 32. Rxf6 Ra1+ 33. Nb1 g3 34. Rf1 g2 35. Rg1 Rxh7 36. Kd2 Rxb1 37. Rxb1 Rh1 0-1

[Event "CFriend SL-2003-0-00013 email"]
[Site "Chessfriend.com"]
[Date "2003.10.27"]
[Round "?"]
[White "Cuttica, Gerardo Axel"]
[Black "Bobone Carvalho, Diogo"]
[Result "1-0"]
[WhiteElo "1192"]
[BlackElo "1266"]
[PlyCount "73"]
[EventDate "2003.10.27"]
[EventType "tourn (corr)"]
[EventRounds "12"]
[SourceTitle "Corr 2008"]
[Source "ChessBase"]
[SourceDate "2008.06.24"]
[SourceVersion "1"]
[SourceVersionDate "2008.06.24"]
[SourceQuality "1"]

1. e4 e6 2. d4 d5 3. Nc3 Bb4 4. e5 c5 5. a3 Bxc3+ 6. bxc3 Ne7 7. Qg4 cxd4 8. Qxg7 Rg8 9. Qxh7 Qc7 10. Ne2 Nbc6 11. f4 dxc3 12. h4 d4 13. h5 Rf8 14. Qd3 Qd8 15. g4 b6 16. Ng3 Nd5 17. Ne4 f6 18. Bg2 fxe5 19. fxe5 Nxe5 20. Qxd4 Nxg4 21. Bg5 Qc7 22. h6 Qe5 23. Qxe5 Nxe5 24. h7 Nf7 25. Nf6+ Nxf6 26. Bxf6 Rb8 27. Rd1 Bd7 28. Bf3 Rc8 29. Bh5 Bc6 30. Rg1 Be4 31. Rg7 Bxh7 32. Rxh7 b5 33. Rd6 b4 34. axb4 Rb8 35. Ra6 Ra8 36. Bf3 Kd7 37. Bxa8 1-0